000 00607nam a22001457a 4500
020 _a978-0-099-52499-1
082 _a823
_bMET/O
100 _aMETCALFE,DANIEL
245 _aOUT OF STEPPE
260 _aLONDON
_bARROW BOOKS
300 _a274
520 _aTravelling by train, mule and on foot, in Out of Steppe Daniel tracks down six peoples from all across Central Asia. From the Karakalpaks, whose lives have been irrevocably altered by the desiccated Aral Sea, he meets the last Jews of Bukhara, once renowned for their polygamy (unique amongst Jews).
650 _aENGLISH NOVEL
_zLONDON
942 _cBK
999 _c3211
_d3211